[Event "Russian Winter op"]
[Site "Moscow"]
[Date "1991.??.??"]
[Round "?"]
[White "Ivanov, Victor L"]
[Black "Kastelfranchi, A."]
[Result "1-0"]
[WhiteElo "2315"]
[BlackElo "2215"]
[PlyCount "57"]
[EventDate "1991.??.??"]
[EventType "swiss"]
[EventRounds "9"]
[EventCountry "URS"]
[SourceTitle "TD"]
[Source "ChessBase"]
[SourceDate "1994.03.01"]
[SourceVersion "1"]
[SourceVersionDate "1994.03.01"]
[SourceQuality "1"]

1. e4 Nf6 2. e5 Nd5 3. d4 d6 4. Nf3 Bg4 5. Be2 e6 6. 0-0 Be7 7. h3 Bh5 8. c4 Nb6 9. Nc3 0-0 10. Be3 d5 11. cxd5 exd5 12. Nd2 Bxe2 13. Qxe2 c6 14. f4 f5 15. Nf3 Na6 16. Kh2 Nc7 17. Rg1 Ne6 18. Raf1 Kh8 19. g4 Nc4 20. Bc1 fxg4 21. Rxg4 Qb6 22. Rfg1 g6 23. Qd3 Nxb2 24. Qc2 Ba3 25. Rxg6 Nxd4 26. Nxd4 Qxd4 27. Rg7 Nd3 28. Ne2 Qf2+ 29. R1g2 1-0

[Event "Russian Winter op"]
[Site "Moscow"]
[Date "1991.??.??"]
[Round "?"]
[White "Kastelfranchi, A."]
[Black "Shashin, Alexsander A"]
[Result "1/2-1/2"]
[WhiteElo "2215"]
[BlackElo "2385"]
[PlyCount "63"]
[EventDate "1991.??.??"]
[EventType "swiss"]
[EventRounds "9"]
[EventCountry "URS"]
[SourceTitle "TD"]
[Source "ChessBase"]
[SourceDate "1994.03.01"]
[SourceVersion "1"]
[SourceVersionDate "1994.03.01"]
[SourceQuality "1"]

1. e4 c5 2. Nf3 d6 3. d4 cxd4 4. Nxd4 Nf6 5. Nc3 a6 6. Bg5 e6 7. f4 Qb6 8. Qd2 Qxb2 9. Rb1 Qa3 10. f5 Nc6 11. fxe6 fxe6 12. Nxc6 bxc6 13. Be2 Be7 14. 0-0 Ra7 15. e5 dxe5 16. Bxf6 Bxf6 17. Bh5+ Ke7 18. Rxf6 gxf6 19. Qh6 Qxc3 20. Qg7+ Kd8 21. Qxf6+ Re7 22. Rd1+ Bd7 23. Qxh8+ Kc7 24. Qa8 Qc5+ 25. Kh1 Bc8 26. Rb1 Kd8 27. Qb8 Rd7 28. h3 Rd2 29. Rb7 Rd7 30. Rb1 Rd2 31. Rb7 Rd7 32. Rb1 1/2-1/2

[Event "Russian Winter op"]
[Site "Moscow"]
[Date "1991.??.??"]
[Round "?"]
[White "Kastelfranchi, A."]
[Black "Yurieva, A."]
[Result "0-1"]
[WhiteElo "2215"]
[BlackElo "2120"]
[PlyCount "70"]
[EventDate "1991.??.??"]
[EventType "swiss"]
[EventRounds "9"]
[EventCountry "URS"]
[SourceTitle "TD"]
[Source "ChessBase"]
[SourceDate "1994.03.01"]
[SourceVersion "1"]
[SourceVersionDate "1994.03.01"]
[SourceQuality "1"]

1. e4 c5 2. Nf3 Nc6 3. d4 cxd4 4. Nxd4 Nf6 5. Nc3 d6 6. Bc4 Qb6 7. Nb3 e6 8. Be3 Qc7 9. f4 a6 10. Bd3 Be7 11. Qf3 Nd7 12. 0-0 b5 13. a3 Bb7 14. Qg3 Bf6 15. f5 Be5 16. Bf4 0-0-0 17. Bxe5 Ndxe5 18. fxe6 fxe6 19. Qh3 Qd7 20. Rad1 Kb8 21. Be2 Qe7 22. Kh1 h5 23. Qe3 Ng4 24. Bxg4 hxg4 25. Qg3 Ne5 26. Nc5 Rh5 27. Nd3 Rdh8 28. Nxe5 dxe5 29. Kg1 a5 30. Rd2 b4 31. axb4 axb4 32. Nd1 Bxe4 33. Qe3 Bxg2 34. Qb6+ Bb7 35. Ne3 g3 0-1